All Daimyo of Japan Eu4 (1444) - Statistics

General Stats
  • This quiz has been taken 159 times
  • The average score is 14 of 37
Answer Stats
Answer % Correct
Oda
88%
Ashikaga
80%
Uesugi
71%
Tokugawa
70%
Hosokawa
66%
Date
65%
So
59%
Shimazu
55%
Takeda
55%
Imagawa
47%
Shiba
46%
Yamana
44%
Hatakeyama
37%
Chiba
36%
Mori
36%
Nanbu
36%
Otomo
36%
Ando
34%
Ouchi
34%
Amago
33%
Ito
33%
Toki
33%
Satake
31%
Hojo
30%
Kono
30%
Isshiki
28%
Chosokabe
27%
Tsutsui
27%
Kitabatake
26%
Shoni
25%
Ogasawara
21%
Asakura
20%
Kikuchi
20%
Utsunomiya
18%
Akamatsu
16%
Maeda
14%
Ikeda
10%
No matching quizzes found
Score Distribution
Percent of People with Each Score
Percentile by Number Answered
Your Score History
You have not taken this quiz